LEADER 01020nam a2200241 i 4500 001 000000170330 003 CaOOAMICUS 005 20080319000000.0 008 080319s1966 it u000 u ita u 013 $a147741 040 $aSeMil$bita 100 1 $aBranca, Vittorio <1905-1969>.$0(OLS)http://semarc/name/7005 245 10$aCerro Maggiore e l'arte musicale :$bfra la cronaca e la storia /$cVittorio Branca. 260 $aVarese :$bTipografia Arc. dell'Addolorata,$c1966. 300 $a[8], 125, [12] p. :$bill. ;$c25 cm. 500 $aFondo Card. Giovanni Colombo. 650 4$aCerro Maggiore - Musica.$0(OLS)http://semarc/subject/32453 850 $aSeMil 852 $aSeMil$W1$xVenegono$y1$m3Q IV 9$j121221$B121221$CSeMilBibl$Z2$F133728 $81 941 1 $a3 961 $aLascito: Colombo Card. Giovanni 996 $6245$aCerro Maggiore e l'arte musicale :$bfra la cronaca e la storia$9(OLS)http://semarc/title/243608 996 $6260$aVarese :$bTipografia Arc. dell'Addolorata$9(OLS)http://semarc/publisher/40704 LEADER 00874nam a2200181 i 4500 001 000000073636 003 CaOOAMICUS 005 20000613000000.0 008 000613n xx u000 u lat u 013 $a44808 040 $aSeMil$bita 245 10$aSchema canonum Libri 5. :$bDe iure patrimoniali Ecclesiae. 710 2 $aPontificia Commissione per la revisione del Codice di Diritto Canonico.$0(OLS)http://semarc/name/1854 773 0 $aPontificia Commissione per la revisione del Codice di Diritto Canonico$tSchemata canonum novi Codicis Iuris Canonici.$d[In Urbe Vaticani] : Typis Polyglottis Vaticanis, 1977.$w()7031 850 $aSeMil 852 $aSeMil$W1$xVenegono$y1$mSL1.N VI 81/5$j258107$B39788$CSeMilBibl$Z2$F39792 $8I 961 $aAcquisto: Mescat 996 $6245$aSchema canonum Libri 5. :$bDe iure patrimoniali Ecclesiae$9(OLS)http://semarc/title/118897